书目信息 |
| 题名: |
整合
|
|
| 作者: | 郎咸平 | |
| 分册: | ||
| 出版信息: | 北京 东方出版社 2004 |
|
| 页数: | 288 | |
| 开本: | 24cm | |
| 丛书名: | ||
| 单 册: | ||
| 中图分类: | F279.21 | |
| 科图分类: | ||
| 主题词: | 企业经济 | |
| 电子资源: | ||
| ISBN: | 7-5060-1888-8 | |
| 000 | 00477nam0 2200181 450 | |
| 001 | 0760515518 | |
| 005 | 20070817164835.51 | |
| 010 | @a7-5060-1888-8@d¥39.60 | |
| 100 | @a20070817d km y0chiy0120 ea | |
| 101 | 0 | @achi |
| 200 | 1 | @a整合@Azheng he@f郎咸平@Flang xian ping |
| 210 | @a北京@c东方出版社@d2004 | |
| 215 | @a288@d24cm | |
| 606 | 0 | @a企业经济 |
| 690 | @aF279.21@v3 | |
| 701 | 0 | @a郎咸平@Alang xian ping |
| 801 | 0 | @aCN@bPFT@c20070817 |
| 905 | @a213230@dF279.21@eg174@f1 | |
| 整合/郎咸平.-北京:东方出版社,2004 |
| 288;24cm |
| ISBN 7-5060-1888-8:¥39.60 |
| ● |
| 相关链接 |
|
|
|
|
正题名:整合
索取号:F279.21/g174
 
预约/预借
| 序号 | 登录号 | 条形码 | 馆藏地/架位号 | 状态 | 备注 |
| 1 | 6502197 | 265021978 | 密集书库-海洋学院/ [索取号:F279.21/g174] | 在馆 |